Рожь / (Record no. 513857)
[ view plain ]
| 000 -LEADER | |
|---|---|
| fixed length control field | 00673nam a2200205 a 4500 |
| 001 - CONTROL NUMBER | |
| control field | 000836852 |
| 003 - CONTROL NUMBER IDENTIFIER | |
| control field | AM-YEHGA |
| 005 - DATE AND TIME OF LATEST TRANSACTION | |
| control field | 20250617163842.0 |
| 008 - FIXED-LENGTH DATA ELEMENTS--GENERAL INFORMATION | |
| fixed length control field | 111010s1961 ru r 000 0 rus d |
| 040 ## - CATALOGING SOURCE | |
| Original cataloging agency | AM-YeHGA |
| 041 0# - LANGUAGE CODE | |
| Language code of text/sound track or separate title | rus |
| 090 ## - LOCALLY ASSIGNED LC-TYPE CALL NUMBER (OCLC); LOCAL CALL NUMBER (RLIN) | |
| -- | 517375 |
| 100 1# - MAIN ENTRY--PERSONAL NAME | |
| Personal name | Иванов, Александр Павлович |
| 245 10 - TITLE STATEMENT | |
| Title | Рожь / |
| Statement of responsibility, etc. | А.П. Иванов; Ред. Ю.В. Алексеев. |
| 260 ## - PUBLICATION, DISTRIBUTION, ETC. | |
| Place of publication, distribution, etc. | Л. ; |
| -- | М. : |
| Name of publisher, distributor, etc. | Сельхозиздат, |
| Date of publication, distribution, etc. | 1961. |
| 300 ## - PHYSICAL DESCRIPTION | |
| Extent | 304 с. : |
| Other physical details | рис., табл. ; |
| Dimensions | 21 см. |
| 504 ## - BIBLIOGRAPHY, ETC. NOTE | |
| Bibliography, etc. note | Лит. с. : 289-301 на рус. и иностр. яз. |
| 650 14 - SUBJECT ADDED ENTRY--TOPICAL TERM | |
| Topical term or geographic name entry element | Рожь |
| 700 1# - ADDED ENTRY--PERSONAL NAME | |
| Personal name | Алексеев, Ю.В. |
| Relator term | ред. |
| Relationship | edt |
| Withdrawn status | Lost status | Damaged status | Not for loan | Collection | Home library | Current library | Date acquired | Total checkouts | Full call number | Barcode | Date last seen | Price effective from | Koha item type | Public note |
|---|---|---|---|---|---|---|---|---|---|---|---|---|---|---|
| General | Fundamental Scientific Library | Fundamental Scientific Library | 13/08/2021 | РII/59207 | FL0656680 | 13/08/2021 | 13/08/2021 | Գրքեր / Books | 30 Days Loan |
ՀՀ Գիտությունների ազգային ակադեմիայի հիմնարար գիտական գրադարան = Fundamental Scientific Library of NAS RA
All site content, except where otherwise noted, is licensed under a